[Event "GRE-ch 48th"]
[Site "Athens"]
[Date "1998.12.22"]
[Round "10"]
[White "Nikolaidis, Ioannis"]
[Black "Skembris, Spyridon"]
[Result "1-0"]
[WhiteElo "2530"]
[BlackElo "2480"]
[Annotator "Tsesarsky,I"]
[PlyCount "85"]
[EventDate "1998.12.08"]
[EventType "tourn"]
[EventRounds "11"]
[EventCountry "GRE"]
[EventCategory "7"]
[SourceTitle "CBM 069"]
[Source "ChessBase"]
[SourceDate "1999.04.01"]
[SourceVersion "1"]
[SourceVersionDate "1999.04.01"]
[SourceQuality "1"]

{[%mdl 10256]} 1. d4 d5 2. c4 e6 3. Nf3 c5 4. cxd5 exd5 5. g3 Nc6 6. Bg2 Nf6 7.
O-O Be7 8. Be3 c4 9. Ne5 (9. b3 cxb3 (9... O-O 10. bxc4 dxc4 11. Nc3 Qa5 12. d5
Rd8 13. Nd2 Qxc3 14. dxc6 Nd5 15. Bxd5 Rxd5 16. Rc1 Qa3 $132 {1/2-1/2 Lobron,
E-Lautier,J/Baden-Baden 1992 (26)}) (9... b5 10. a4 Ba6 11. axb5 Bxb5 12. Nc3
$16 {1-0 Davies,N-Cannon,J/Wrexham Chess Club 1994/ (34)}) 10. Qxb3 (10. axb3
O-O 11. Ne5 Re8 (11... Qb6 12. Nc3 Be6 13. Na4 Qb4 14. Nd3 $14 {1/2-1/2 Geveke,
M-Hoensch,M/Norddschl.-Baden/Wuert (01/06) ,EXT 1989/Inf 001 (27)}) 12. Nc3 Nb4
13. Na2 Ne4 14. Nxb4 Bxb4 15. Nd3 Bd6 16. Nc5 Bxc5 17. dxc5 Nc3 18. Qd3 d4 $132
{0-1 Velikov,P-Lputian,S/St John op-2 1988 (22)}) 10... Na5 (10... Qb6 11. Qxb6
(11. Ne5 Qxb3 12. axb3 Nb4 13. Na3 a6 14. Rfc1 $14 {1/2-1/2 Kirov,N-Marjanovic,
S/Thessaloniki olm ,BIG 1984 (37)}) 11... axb6 12. Nc3 O-O 13. Ne5 (13. Nb5 Nb4
14. Bd2 Nc2 15. Rab1 Rxa2 16. Nc3 Ra6 17. Rb2 Na3 18. Ne5 Rd8 19. e3 Be6 20. f4
g6 21. h3 $44 {1-0 Petursson,M-Ziegler,A/Gausdal Arnold Cup 1990 (54)}) 13...
Be6 14. a4 Rfc8 15. Rfc1 Na5 16. Nb5 Rxc1+ 17. Rxc1 Nb3 18. Rc7 Rxa4 19. h3 Rb4
20. Rxe7 Rxb5 21. g4 h6 22. f4 $14 {1/2-1/2 Van der Sterren,P-Piket,J/
Hilversum NLD/K 1990 (57)}) (10... O-O 11. Nc3 (11. Bg5 h6 12. Bxf6 Bxf6 13. e3
Na5 14. Qd3 Be6 15. Ne5 Rc8 16. f4 Nc4 17. Nd2 Qa5 18. Nb3 Qd8 $132 {1-0
Gutman,L-Wolf,V/BL 1992 (48)}) 11... Na5 12. Qb1 g6 13. Ne5 Bf5 14. Qb2 Ne4 15.
Nxe4 Bxe4 16. Bxe4 dxe4 17. Bd2 f6 18. Bxa5 Qxa5 19. Qxb7 fxe5 20. Qxe7 exd4
21. Qxe4 $16 {1-0 Gutman,L-Unrath,L/Schwaebisch Gmuend ,EXT 1990 (27)}) 11. Qd3
Nc4 (11... O-O 12. Nc3 (12. Ne5 Be6 13. f4 Rc8 14. f5 Bd7 15. g4 h6 16. Bf4 Bc6
17. Nd2 Re8 18. Qh3 Bb5 $17 {0-1 Nissen,C-Ilgner,A/Landes-Einzelmeister 1990 
(36)}) 12... Be6 13. Ng5 Nc4 14. Rab1 Qd7 15. Bf4 Nb6 16. Nxe6 fxe6 17. Bh3 $14
{1-0 Gutman,L-Bezold,M/Bad Mergentheim ,EXT 1989 (43)}) 12. Bg5 Be6 (12... O-O
13. Nc3 h6 14. Bxf6 Bxf6 15. Rab1 Nd6 16. Rbc1 Bf5 17. Qd1 Qa5 18. Ne5 Ne4 19.
Nxe4 dxe4 20. Nxf7 Qxa2 (20... Rxf7 21. Rc5 Qxa2 22. Rxf5 Re8 23. e3 $16) 21.
Nd6 $16 {1-0 Korchnoi,V-Bach,M/4th Open, Wichern GER 1997 (29)}) 13. Nc3 Rc8
14. Rab1 b6 15. Ne5 O-O 16. Nb5 Nxe5 17. dxe5 Ne4 18. Bxe7 Qxe7 19. Rbc1 Rc5
20. Nd4 Bd7 21. f4 Rfc8 $15 {1/2-1/2 Korchnoi,V-Lautier,J/Biel 1992 (41)}) 9...
O-O (9... Qa5 10. b3 cxb3 11. Qxb3 O-O 12. Rc1 Nxe5 13. dxe5 Ne4 14. Nc3 Nxc3
15. Qxc3 Bb4 16. Qd3 Be6 $11 {1-0 Brestian,E-Arkell,S/Cappelle la Grande 1993 
(28)}) (9... Be6 10. b3 cxb3 11. Qxb3 Qb6 12. Qxb6 (12. Rc1 Qa6 13. Nc3 O-O 14.
Rab1 Ba3 15. Nxc6 bxc6 16. Rd1 Bf5 17. Qb7 Qc4 18. Rb3 Bd6 $19 {0-1 Adrian,
C-Bisby,D/London Lloyds 1994 (27)}) 12... axb6 13. Nc3 $14 {[%csl Rb6,Rd5]})
10. b3 (10. Nxc6 bxc6 11. b3 cxb3 12. axb3 Qb6 13. Qd3 a5 14. Rc1 Ba6 15. Qc2
Ng4 16. Qxc6 Qxc6 17. Rxc6 Nxe3 18. fxe3 Bg5 19. Kf2 Rfe8 20. e4 dxe4 21. Rxa5
$16 {1-0 Taimanov,M-Marjanovic,S/Vrnjacka Banja 1977/Inf 23 (41)}) 10... Ng4 $2
$16 (10... cxb3 11. Qxb3 (11. axb3 $132) 11... Bd6 12. Nxc6 (12. f4 Na5 13. Qd3
b6 14. Nc3 Bb7 15. Rac1 Re8 $132) 12... bxc6 13. Rc1 $14) 11. Nxg4 Bxg4 12. Nc3
(12. bxc4 dxc4 13. Nc3 Bf6 14. Rb1 Nxd4 15. Rxb7 Nxe2+ 16. Nxe2 Qxd1 17. Rxd1
Bxe2 18. Rdd7 Rad8 $17) 12... cxb3 (12... Rc8 13. Nxd5 $16) 13. Qxb3 {[%csl
Rb7,Rd5]} Na5 (13... Rc8 14. Nxd5 Bxe2 15. Rfe1 Ba6 16. Bh3 Rb8 17. Nxe7+ Nxe7
18. Bg5 Re8 19. Qa3 f6 20. Be6+ Kh8 21. Bf4 $18) 14. Qxd5 Rc8 15. Qe4 (15. Qxd8
Rfxd8 16. Nd5 $16) 15... Qd7 16. Nd5 Rfe8 (16... Bd6 17. Bf3 Bxf3 (17... f5 18.
Bxg4 fxg4 19. Bf4 Rfe8 20. Qd3 Qe6 21. Bxd6 (21. Ne3 Bxf4 22. gxf4 Qd6 23. f5
Nc6 $14) 21... Qxd5 22. Bf4 Nc6 23. Rfd1 Rcd8 24. Be3 $16) 18. Qxf3 Rc2 19.
Rfc1 Rfc8 20. Bh6 $1 $16) 17. Bf3 Bf5 18. Nxe7+ Rxe7 19. Qd5 (19. Qf4 Nc4 20.
Bxb7 Qxb7 21. Qxf5 Rce8 (21... Nxe3 22. fxe3 Rxe3 23. Rab1 $18 {[%csl Rc8,Rf7]}
) 22. Rab1 Qa6 23. Qf3 $16) 19... Qxd5 20. Bxd5 Rd7 (20... Nc4 21. Rfc1 Nxe3
22. Rxc8+ Bxc8 23. Rc1 Be6 24. fxe3 $16) (20... Rc2 21. Bf3 Nc4 22. Bf4 Nd2 23.
Bxd2 Rxd2 24. Rfd1 $16) 21. Bf3 Nc4 22. a4 (22. Rfc1 $16) 22... Re8 (22... f6
23. Rfc1 Re7 24. Bd5+ Be6 25. Bxe6+ Rxe6 26. Rab1 b6 27. Rb4 Rec6 28. d5 R6c7
29. Bf4 $16) 23. Rfc1 Nxe3 24. fxe3 Rde7 (24... Kf8 25. Kf2 Be4 $16) 25. Ra3 g6
(25... Be4 $16) 26. Kf2 h5 (26... Be4 27. a5 f5 28. Rac3 $16) 27. a5 b6 28.
axb6 axb6 29. Rc6 $18 (29. Rb3 Rb8 30. Rc6 $18) 29... Rb8 30. Rb3 b5 31. Rc5
Bd7 32. Bd5 (32. Rc7 $18) 32... Be8 33. e4 Kf8 34. e5 Ra7 35. Rf3 Ke7 36. Bb3
b4 37. d5 Kd8 38. d6 Ra3 39. Rc7 g5 40. e6 $1 fxe6 41. Rf8 Ra5 42. Bxe6 Re5 43.
Rd7+ 1-0

[Event "Gelsenkirchen"]
[Site "Gelsenkirchen"]
[Date "1996.??.??"]
[Round "7"]
[White "Reschke, Stefan"]
[Black "Tyomkin, Dimitri"]
[Result "0-1"]
[WhiteElo "2385"]
[BlackElo "2340"]
[Annotator "Tyomkin,D"]
[PlyCount "66"]
[EventDate "1996.??.??"]
[EventType "simul"]
[EventRounds "2"]
[EventCountry "GER"]
[SourceTitle "CBM 055"]
[Source "ChessBase"]
[SourceDate "1996.12.01"]
[SourceVersion "1"]
[SourceVersionDate "1996.12.01"]
[SourceQuality "1"]

1. d4 d5 2. c4 c6 3. Nf3 Nf6 4. Qc2 dxc4 5. Qxc4 b5 6. Qd3 $146 (6. Qc2 e6 {
-d30}) 6... e6 (6... a6 7. g3 Bb7 8. Bg2 c5 9. dxc5 Qxd3 10. exd3 e5 11. O-O
Nbd7 12. Re1 $16) (6... Nbd7 $5 7. e4 (7. g3 Bb7 8. Bg2 a6 9. a4 (9. O-O c5)
9... c5 (9... e6 $142 {see the game}) 10. axb5 axb5 11. Rxa8 Qxa8 12. dxc5 (12.
Qxb5 cxd4 13. O-O e5) 12... Be4 13. Qxb5 $16 (13. Qa3)) 7... e6 8. Nc3 b4 9.
Na4 Qa5 10. b3 c5 11. d5 Bb7 12. dxe6 fxe6 13. e5 Ng4 14. Bf4 O-O-O $36) (6...
g6 7. e4 Bg7 8. Be2 O-O 9. O-O Bg4 10. Rd1 Nbd7 11. Nc3 b4 12. Na4 Qa5 13. b3
c5 14. e5 Ne8 15. dxc5 Nxc5 16. Nxc5 Qxc5 17. Be3 Qa5 18. Rac1 $16) 7. g3 (7.
e4 $6 a6 8. a4 Bb7 9. Bg5 Nbd7 10. e5 h6 11. Bh4 g5 12. Nxg5 hxg5 13. Bxg5 Rg8
$1 14. h4 Rxg5 15. hxg5 Nd5 $17 {with the idea Qa5+,and 0-0-0}) 7... Bb7 8. Bg2
a6 9. a4 (9. O-O c5 (9... Nbd7 10. a4 {see the game}) 10. a4 (10. Rd1 c4 $5 11.
Qe3 Be7 $15) 10... c4 11. Qc2 Nbd7 $13) 9... Nbd7 10. O-O Qb6 (10... Be7 $5 11.
e4 $6 (11. Bg5) (11. Nbd2 c5 12. axb5 axb5 13. Rxa8 Qxa8 14. Qxb5 cxd4 15. Nb3
e5 $13 16. Bg5 Bc6 (16... O-O 17. Bxf6 (17. Ra1 Bc6 $13 (17... Qb8 18. Nxe5)))
17. Qc4 (17. Qa5 O-O $1) 17... Bd5 $1 $10 (17... O-O 18. Ra1 Qb7 $10 (18... Qc8
19. Nfxd4 Bxg2 20. Qxc8 Rxc8 21. Nf5 Bf8 22. Kxg2 Rb8 23. Nd2 $14 {/=})) 18.
Qb5 (18. Qc7 $2 Bxb3 19. Nxd4 Bd5 20. Bxd5 Nxd5 $19 (20... Qxd5 $2 21. Nc6 $18)
) 18... Bc6) 11... Nc5 12. Qc2 Nxa4 $17 (12... Ncxe4 13. Nfd2 Nxd2 14. Bxc6+
Bxc6 15. Qxc6+ Kf8 16. Nxd2 b4 $13)) (10... c5 $5 11. axb5 Be4 12. Qb3 (12. Qd1
$13) 12... Bd5 13. Qc2 Be4 14. Qb3 $10) 11. Nc3 Be7 12. Bg5 (12. e4 $6 b4 13.
a5 Qd8 14. Na4 Qxa5 15. Bg5 Qb5) (12. Bf4) 12... h6 (12... O-O 13. Ne5 (13. e4
b4 (13... c5 $2 14. e5) 14. a5 (14. e5 bxc3 15. exf6 gxf6 16. Bc1 cxb2 17. Bxb2
$17) 14... Qd8 $15) 13... Rfd8 14. Nxd7 Rxd7 15. e3 $14 e5 $140 $2 16. Qf5) 13.
Bf4 $2 (13. Bxf6 Nxf6 14. Ne5 O-O $14 (14... b4 15. a5 Qc7 16. Na4 $16)) 13...
O-O 14. Rfd1 Rfd8 15. e4 $6 (15. e3 b4 16. a5 Qa7 17. Na4 c5 $15) 15... b4 $17
16. a5 Qa7 17. e5 (17. Na4 c5 18. e5 Nd5 19. Be3 Nxe3 20. Qxe3 $17 (20. fxe3 $2
Bxf3 21. Bxf3 Nxe5)) 17... bxc3 (17... Nh5 $6 18. Ne2 Nxf4 19. Nxf4 c5 20. d5 (
20. Rac1) 20... exd5 21. Nxd5 Bf8 $13) 18. exf6 Nxf6 (18... Bxf6 $5 19. bxc3 c5
) 19. Bc7 (19. bxc3 c5 20. Bc7 Be4 21. Bb6 Bxd3 22. Bxa7 Be2 (22... Rxa7 23.
Rxd3 c4 $17) 23. Bb6 Bxd1 24. Bxd8 Bxd8 25. Rxd1 Bxa5 $17 {Black should win,
for example:} 26. dxc5 Rc8 27. Rd6 Rxc5 28. Rxa6 Bxc3 29. Ra8+ Kh7 30. Ra7 e5
31. Rxf7 e4 32. Nh4 Bd4 33. Bh3 Rc1+ 34. Kg2 Rc2 35. Rxg7+ Kxg7 36. Nf5+ $19)
19... cxb2 20. Rab1 Rd5 21. Bb6 Qb8 22. Ne5 (22. Rxb2 Rb5 $17) 22... Rb5 23.
Nxc6 Qe8 $1 (23... Qd6 24. Bc5) 24. Nxe7+ Qxe7 25. Bxb7 (25. Rd2 $142 Rc8 26.
Bc5 (26. Rdxb2 Rxb2 27. Rxb2 Rc1+ 28. Bf1 Qd7 29. f3 Qd5 $17) 26... Qc7 $17)
25... Qxb7 26. Rd2 (26. Qa3 Nd5 (26... Ne4 27. Rxb2 Ng5 (27... Rxb2 28. Qxb2
Ng5 29. h4 $17) 28. Rxb5 axb5 29. h4 $1 (29. d5 exd5 $19) 29... Nh3+ 30. Kf1
Rc8 31. d5) 27. Rxb2 Nxb6 28. axb6 Rxb6 $19) 26... Rc8 27. f3 (27. Qa3 Rc1+ $1
28. Rxc1 b1=Q $19) (27. Qf1 Ne4 28. Rdxb2 Rxb2 29. Rxb2 Ng5 $19) 27... Rc1+ 28.
Kg2 Rxb1 29. Qxb1 Rb3 30. d5 Nxd5 31. Rxb2 Nf4+ $1 32. gxf4 Qxf3+ 33. Kg1 Rd3
0-1

[Event "RUS-ch 54th"]
[Site "Elista"]
[Date "2001.05.03"]
[Round "4"]
[White "Volzhin, Alexander"]
[Black "Ibragimov, Ildar"]
[Result "1/2-1/2"]
[WhiteElo "2528"]
[BlackElo "2578"]
[Annotator "Volzhin,A"]
[PlyCount "40"]
[EventDate "2001.04.29"]
[EventType "swiss"]
[EventRounds "9"]
[EventCountry "RUS"]
[SourceTitle "EXT 2004"]
[Source "ChessBase"]
[SourceDate "2003.11.25"]
[SourceVersion "1"]
[SourceVersionDate "2003.11.25"]
[SourceQuality "1"]

1. Nf3 Nf6 2. c4 e6 3. g3 d5 4. Bg2 dxc4 5. Qa4+ c6 6. Qxc4 b5 7. Qc2 Bb7 8. d4
Nbd7 9. Ne5 {The only attemp to fight for opening advantage.} ({After} 9. Nc3
$6 c5 $1 {Black equalized immediately.}) 9... Nxe5 {The alternatives are:} (
9... Qc7 $6 10. O-O c5 11. Nxd7 Nxd7 12. d5 $1 exd5 13. Nc3 {and White obtains
dangerous intiative}) (9... Rc8 10. O-O Bd6 11. Bf4 Nb6 12. Nd2 Nbd5 13. Nb3
Nxf4 14. gxf4 Nd5 15. e3 {and White has steady advantage due to control over
c5-square.} Rc7 (15... g5 16. f5 c5 17. fxe6 fxe6 18. Qe2 Bxe5 19. Qh5+ Ke7 20.
dxe5 $16 {Rausis,I-Reefat,B/Elista 1998.}) 16. Qe2 O-O 17. Rac1 f6 18. Nd3 Qe8
19. Nbc5 Re7 20. Kh1 Bc8 21. Ne4 Bb8 22. Qc2 Bd7 23. Ndc5 $16 {Kengis,E-Rahman,
Z/Elista 1998.}) (9... Qb6 {is considered as the main line but this is a
totally different story.}) 10. dxe5 Nd5 $1 (10... Nd7 {seems to be weaker:} 11.
O-O Qb6 (11... Nxe5 12. Bf4 Nd7 13. Nc3 Qb6 14. a4 Rc8 15. Rfd1 Nf6 16. Be3 c5
17. Bxb7 Qxb7 18. axb5 Be7 19. Qa4 $16 {Todorov,O-Tregubov,P/Cappelle la
Grande 1995}) 12. a4 $5 c5 13. Bxb7 Qxb7 14. axb5 Nxe5 15. Nc3 Be7 16. Bf4 Ng6
17. Qe4 Qxe4 18. Nxe4 {and the endgame is hopeless for Black, Raetsky,
A-Volzhin,A/Hastings 1992}) 11. O-O Be7 $1 {The correct way: Black just
completes his development.} ({An attemp to win the pawn looks risky:} 11... Qc7
12. a4 $1 Qxe5 13. axb5 cxb5 (13... Nb4 14. Qb3 Qxb5 15. Nc3 $16 {|^}) 14. Nc3
Rc8 (14... a6 $6 15. Bf4 Qh5 16. Bxd5 Bxd5 17. Nxb5 $1 $16) 15. Bf4 $1 Qh5 16.
Qb3 $16 {|^}) 12. Rd1 Qb8 $1 13. Nc3 O-O (13... Qxe5 $6 14. Nxd5 exd5 (14...
cxd5 15. Bf4 {/\Qc7+-}) 15. Bf4 Qf6 16. e4 $1 $36) 14. Nxd5 cxd5 15. e4 {
I have failed to find anything better. Now Black equalizes easily.} Rc8 (15...
Qxe5 $2 16. Bf4 Qf6 17. e5 Qh6 18. Qc7 $18) 16. Qe2 dxe4 17. Bxe4 Bxe4 18. Qxe4
Rc4 $1 {[]} 19. Qf3 Qe8 $1 $11 {[]} 20. Be3 Rc7 $1 {/\Ra8-c8= Short but rather
important for the theory of this line game.} 1/2-1/2

[Event "ISR-chT"]
[Site "Ramat Aviv"]
[Date "2000.03.03"]
[Round "4.2"]
[White "Zak, Uriel"]
[Black "Zifroni, Dov"]
[Result "0-1"]
[WhiteElo "2341"]
[BlackElo "2531"]
[Annotator "Wells,P"]
[PlyCount "60"]
[EventDate "2000.01.14"]
[EventType "team"]
[EventRounds "11"]
[EventCountry "ISR"]
[SourceTitle "CBM 077"]
[Source "ChessBase"]
[SourceDate "2000.07.27"]
[SourceVersion "1"]
[SourceVersionDate "2000.07.27"]
[SourceQuality "1"]
[WhiteTeam "Maccabi Afek"]
[BlackTeam "Herzliya"]
[WhiteTeamCountry "ISR"]
[BlackTeamCountry "ISR"]

1. d4 d5 2. Nf3 Nf6 3. e3 c5 4. dxc5 e6 5. a3 Bxc5 6. b4 Be7 7. Bb2 O-O 8. Nbd2
b6 9. c4 Bb7 10. Be2 a5 11. b5 Nbd7 12. O-O Rc8 13. Rc1 Nc5 14. Ne5 Nfd7 15.
Ndf3 Bf6 16. cxd5 Nxe5 17. Bxe5 Bxd5 18. Bd4 Qe7 19. Bc4 {Black is faced with
several exchange options here. His decision to trade black square bishops and
then retreat his light squared bishop is clearly right from the standpoint of
creating some play along this diagonal, but above all it concerns the c6
square.} Bxd4 20. Nxd4 Bb7 $1 21. Qg4 Kh8 22. Be2 f5 23. Qh3 Ne4 24. Bc4 Ng5
25. Qg3 e5 $17 {...and with surprising speed, black has generated a serious
initiative.} 26. Nc6 Bxc6 27. bxc6 Ne4 28. Qh3 Rxc6 29. Rc2 Rxc4 30. Rxc4 Nd2
0-1

[Event "Geneva FIDE GP"]
[Site "Geneva"]
[Date "2017.07.07"]
[Round "2"]
[White "Mamedyarov, Shakhriyar"]
[Black "Inarkiev, Ernesto"]
[Result "1-0"]
[WhiteElo "2800"]
[BlackElo "2707"]
[Annotator "Yermolinsky,A"]
[PlyCount "39"]
[EventDate "2017.07.06"]
[EventType "swiss"]
[EventRounds "9"]
[EventCountry "SUI"]
[SourceTitle "CBM 180"]
[Source "ChessBase"]
[SourceDate "2017.09.13"]
[SourceVersion "1"]
[SourceVersionDate "2017.09.13"]
[SourceQuality "1"]

1. d4 Nf6 2. Nf3 d5 3. c4 e6 4. Bg5 Bb4+ 5. Nbd2 {Shak specialises in obscure
and risky gambit lines of the Queen's Gambit Declined.} dxc4 6. e3 ({The main
line runs} 6. Qc2 b5 7. a4 c6 8. Bxf6 gxf6 9. g3) 6... b5 7. a4 c6 8. Be2 (8.
Qc2 Bb7 9. Be2 Nbd7 10. O-O O-O 11. b3 c3 12. Ne4 h6 13. Bh4 $5 (13. Bxf6 Nxf6
14. Nxc3 $11) 13... g5 14. Nxf6+ Nxf6 15. Bg3 c5 {Nakamura-Morozevich, 2013.})
8... Nbd7 9. O-O Qb6 10. Qc2 Bb7 11. b3 c3 12. Nb1 c5 13. Nxc3 cxd4 14. Nxb5
Rc8 (14... O-O {seems more natural.}) 15. Qb2 a6 16. a5 $1 Qc5 17. exd4 {
Inarkiev played the opening reasonably well and stood to equalise until he
chose an unfortunate square for his queen.} Qf5 $2 (17... Qe7 18. Ne5 $5 h6 (
18... axb5 19. Bxb5) 19. Rfc1 O-O) (17... Qc2 18. Qxc2 Rxc2 19. Bd1 Rc8 20. Bd2
$1 Be7) 18. Bd2 Be7 19. Nc3 O-O $4 {One move isn't a relaible indication of
bad form, but how does a Super-GM blunder his queen like that?} (19... h6 20.
b4 O-O 21. b5 $16) (19... e5 $5) 20. Nh4 1-0

[Event "USA-ch"]
[Site "Saint Louis"]
[Date "2017.03.31"]
[Round "3"]
[White "Akobian, Varuzhan"]
[Black "Naroditsky, Daniel"]
[Result "0-1"]
[WhiteElo "2645"]
[BlackElo "2646"]
[Annotator "Yermolinsky,A"]
[PlyCount "116"]
[EventDate "2017.03.29"]
[EventType "tourn"]
[EventRounds "11"]
[EventCountry "USA"]
[EventCategory "18"]
[SourceTitle "CBM 178"]
[Source "ChessBase"]
[SourceDate "2017.05.14"]
[SourceVersion "1"]
[SourceVersionDate "2017.05.14"]
[SourceQuality "1"]

1. d4 Nf6 2. c4 e6 3. Nf3 d5 4. Bg5 Bb4+ 5. Nbd2 dxc4 6. a3 Bxd2+ 7. Qxd2 Nbd7
8. a4 c5 9. e3 cxd4 10. Nxd4 h6 11. Bxf6 Nxf6 12. Bxc4 O-O 13. Qb4 Nd5 14. Qc5
b6 15. Qc6 Bd7 16. Qd6 Nf6 17. b3 Rc8 18. Bb5 Bxb5 19. Qxd8 Rfxd8 20. axb5 Rd5
21. O-O Rc7 22. Rfc1 Rxc1+ 23. Rxc1 e5 24. Nc6 Rxb5 25. Nxa7 Rxb3 26. Nc6 {
Some unconvincing play by Akobian led him to a difficult endgame while low on
time.} Rb5 {Naroditsky starts off with the correct move.} (26... e4 $2 {
would have surrendered an important square to the white knight.} 27. Nd4) 27.
h3 Ne4 $2 {And then he goes wrong!} ({White wasn't threatening anything. If
his knight moves Black will have ...Rc5, so a gradual improvement with} 27...
g6 {was in order.}) 28. f3 Nd6 29. e4 Kh7 $6 {This just feels wrong.} ({
Although it may have been too late for} 29... g6 30. Rd1 Nc4 31. Rd8+ Kg7 32.
Rd7) 30. h4 h5 31. Kh2 f6 32. Ne7 $2 {R+N endgames are largely tactical. It's
important to find targets and hit them hard.} (32. Nd8 $1 Rc5 33. Rd1 Nc4 (
33... Nb5 34. Rb1) 34. Rd7 {planning Ne6 would do just that.}) 32... Rc5 33.
Rd1 Nc8 $5 {This is where you need time to correctly assess all possible
simplifications.} 34. Nd5 $2 (34. Nxc8 Rxc8 35. Rb1 Rb8 {This only looks great
for Black, who has his rook behind the passed pawn. In reality,} 36. Rb5 Kg8
37. Kg3 Kf7 38. f4 exf4+ 39. Kxf4 g6 40. g4 hxg4 41. Kxg4 Ke6 42. h5 gxh5+ 43.
Kxh5 Kd6 44. Kg6 {is an easy draw.}) 34... b5 35. Ne3 {Varuzhan was mainly
concerned with making the time control without blundering.} ({Truth to tell,
it was too late for active play anyway:} 35. Ra1 f5 36. Ra6 fxe4 37. fxe4 Rc4 {
and Black gets the second pawn.}) 35... b4 36. Rb1 Rb5 37. Rb3 Ne7 38. Kg3 Nc6
39. Nd5 Rc5 40. Rb2 Rb5 41. Rb3 f5 42. Kf2 fxe4 43. fxe4 Rb7 44. g4 (44. Ke3 {
would allow Black to make an important step forward:} Nd4 45. Rb2 b3) 44...
hxg4 45. Kg3 Kg6 46. Kxg4 Kf7 47. h5 Ke6 48. Kg5 Kd6 49. Kg6 Kc5 {Once again,
Akobian was very low on time.} 50. Kh7 $2 {A wild attempt to get around to
capturing the g7-pawn.} ({Paradoxically, he should have parted with his knight
right away:} 50. Nxb4 Nxb4 51. Rf3 Kd4 (51... Nc6 52. Rf7 Rb1 53. Kxg7 Rg1+ {
and now White saves a draw with a spectacular idea:} 54. Kh7 $3 Kd4 55. h6 Kxe4
56. Kh8 Nb4 57. h7 {Self-stalemating!} Nd5 {the last thing left to do is to
get rid of your own rook:} 58. Rf4+ Kd3 59. Rd4+) 52. Rf7 Rb6+ 53. Kxg7 Nd3 54.
Rf6 (54. h6 Nf4 55. h7 Nh5+ 56. Kf8 Kxe4 57. Rf1 Rb7 58. Kg8 Rg7+ 59. Kh8 Rg3
60. Rf4+ {the same stalemate motif}) 54... Rb7+ 55. Rf7 Rb1 56. h6 Rg1+ 57. Kh8
Nf4 58. h7 Ng6+ 59. Kg7 Kxe4 60. Rf6 Nf4+ 61. Kh8 {and once again!}) 50... Kd4
51. Nxb4 Nxb4 52. Rg3 Kxe4 53. Rxg7 Rb6 {Now White comes up short of his goals,
maybe by a tempo or two.} 54. Rg6 Rb8 55. h6 Nd5 56. Kg7 Rb7+ 57. Kf8 Kf5 58.
Rg1 Nf6 0-1